000 00381cam a22001337a 4500
008 180718b1962 xxu||||| |||| 00| 0 eng d
082 _aH9x42 M472
100 _aMegarry, R.E.
245 _aLawyer and litigant in England
_cby R.E. Megarry
260 _aLondon
_bStevens
_c1962
300 _a205p.
650 _aCourts --Great Britain
650 _aAttorney and client --Great Britain
999 _c373743
_d373743